<?xml version="1.0" encoding="UTF-8"?>
<record
    xmlns:xsi="http://www.w3.org/2001/XMLSchema-instance"
    xsi:schemaLocation="http://www.loc.gov/MARC21/slim http://www.loc.gov/standards/marcxml/schema/MARC21slim.xsd"
    xmlns="http://www.loc.gov/MARC21/slim">

  <leader>00897nam2a22002171  4500</leader>
  <controlfield tag="001">RU\NLR\A1SV\140600</controlfield>
  <controlfield tag="005">20251214192610.0</controlfield>
  <datafield tag="035" ind1=" " ind2=" ">
    <subfield code="a">(NLR Aleph) 010781971</subfield>
  </datafield>
  <datafield tag="090" ind1=" " ind2=" ">
    <subfield code="a">13491836</subfield>
    <subfield code="c">13491836</subfield>
  </datafield>
  <datafield tag="100" ind1=" " ind2=" ">
    <subfield code="a">20150608d1922    u  y0rusy50      ca</subfield>
  </datafield>
  <datafield tag="101" ind1="0" ind2=" ">
    <subfield code="a">rus</subfield>
  </datafield>
  <datafield tag="200" ind1="0" ind2=" ">
    <subfield code="a">&#x427;.1</subfield>
  </datafield>
  <datafield tag="210" ind1=" " ind2=" ">
    <subfield code="d">1922</subfield>
  </datafield>
  <datafield tag="215" ind1=" " ind2=" ">
    <subfield code="a">111 &#x441;.</subfield>
  </datafield>
  <datafield tag="461" ind1=" " ind2="1">
    <subfield code="1">001RU\NLR\A1SV\140599</subfield>
    <subfield code="1">2000#$a&#x423;&#x447;&#x435;&#x431;&#x43D;&#x438;&#x43A; &#x430;&#x43D;&#x433;&#x43B;&#x438;&#x439;&#x441;&#x43A;&#x43E;&#x433;&#x43E; &#x44F;&#x437;&#x44B;&#x43A;&#x430;$f&#x421;&#x43E;&#x441;&#x442;. &#x420;.&#x41E;.&#x42D;&#x440;&#x447; &#x438; &#x418;.&#x427;.&#x42D;&#x440;&#x447;$g&#x41F;&#x435;&#x440;&#x435;&#x43F;&#x435;&#x447;. &#x441;&#x43E; 2-&#x433;&#x43E; &#x438;&#x437;&#x434;.$v&#x427;.1</subfield>
    <subfield code="1">700#1$a&#x42D;&#x440;&#x447;$b&#x420;.&#x41E;.$g&#x420;&#x435;&#x434;&#x436;&#x438;&#x43D;&#x430;&#x43B;&#x44C;&#x434; &#x41E;&#x43B;&#x438;&#x432;&#x435;&#x440;&#x43E;&#x432;&#x438;&#x447;</subfield>
    <subfield code="9">10072657</subfield>
    <subfield code="a">&#x42D;&#x440;&#x447;, &#x420;.&#x41E;.</subfield>
    <subfield code="c">&#x418;&#x432;&#x430;&#x43D;&#x43E;&#x432;&#x43E;-&#x412;&#x43E;&#x437;&#x43D;&#x435;&#x441;&#x435;&#x43D;&#x441;&#x43A;</subfield>
    <subfield code="d">1922</subfield>
    <subfield code="f">&#x421;&#x43E;&#x441;&#x442;. &#x420;.&#x41E;.&#x42D;&#x440;&#x447; &#x438; &#x418;.&#x427;.&#x42D;&#x440;&#x447;</subfield>
    <subfield code="n">&#x418;&#x437;&#x434;. &#x431;&#x44E;&#x440;&#x43E; &#x43F;&#x440;&#x438; &#x418;.-&#x412;. &#x41F;.&#x418;.</subfield>
    <subfield code="t">&#x423;&#x447;&#x435;&#x431;&#x43D;&#x438;&#x43A; &#x430;&#x43D;&#x433;&#x43B;&#x438;&#x439;&#x441;&#x43A;&#x43E;&#x433;&#x43E; &#x44F;&#x437;&#x44B;&#x43A;&#x430;</subfield>
    <subfield code="v">&#x427;.1</subfield>
  </datafield>
  <datafield tag="801" ind1=" " ind2="0">
    <subfield code="a">RU</subfield>
    <subfield code="b">NLR</subfield>
    <subfield code="c">20150608</subfield>
  </datafield>
  <datafield tag="852" ind1=" " ind2=" ">
    <subfield code="a">NLR</subfield>
    <subfield code="j">38.3.6.16</subfield>
  </datafield>
  <datafield tag="942" ind1=" " ind2=" ">
    <subfield code="c">BOOK</subfield>
  </datafield>
  <datafield tag="980" ind1=" " ind2=" ">
    <subfield code="a">A1SV</subfield>
  </datafield>
  <datafield tag="980" ind1=" " ind2=" ">
    <subfield code="a">NB</subfield>
  </datafield>
</record>
